IS-95 CDMA And Cdma 2000 (Record no. 317749)
[ view plain ]
| 000 -LEADER | |
|---|---|
| fixed length control field | 00484nam a2200169Ia 4500 |
| 008 - FIXED-LENGTH DATA ELEMENTS--GENERAL INFORMATION | |
| fixed length control field | 230718s9999 xx 000 0 und d |
| 020 ## - INTERNATIONAL STANDARD BOOK NUMBER | |
| International Standard Book Number | 9788177584172 |
| 041 ## - LANGUAGE CODE | |
| Language code of text/sound track or separate title | eng |
| 082 ## - DEWEY DECIMAL CLASSIFICATION NUMBER | |
| Classification number | 621.382 |
| Item number | GAR |
| 100 ## - MAIN ENTRY--PERSONAL NAME | |
| Personal name | Garg V.K. |
| 9 (RLIN) | 109335 |
| 245 ## - TITLE STATEMENT | |
| Title | IS-95 CDMA And Cdma 2000 |
| Remainder of title | Cellular/PCS Systems Implementation |
| 260 ## - PUBLICATION, DISTRIBUTION, ETC. (IMPRINT) | |
| Name of publisher, distributor, etc. | Pearson education |
| 300 ## - PHYSICAL DESCRIPTION | |
| Extent | 423 |
| Accompanying material [OBSOLETE, CAN/MARC] | Ref 864 E (25689) |
| 365 ## - TRADE PRICE | |
| Currency code | Rs. |
| Price amount | 310.00 |
| 700 ## - ADDED ENTRY--PERSONAL NAME | |
| Personal name | Garg V.K. |
| 9 (RLIN) | 109335 |
| 906 ## - LOCAL DATA ELEMENT F, LDF (RLIN) | |
| d | B:107080090018-Oct-2007 |
| c | ME ETC |
| Withdrawn status | Lost status | Damaged status | Not for loan | Home library | Current library | Date acquired | Vendor | Budget Code | Cost, normal purchase price | Bill number | Total Checkouts | Full call number | Barcode | Date last seen | Cost, replacement price | Bill Date | Koha item type | Original Barcode |
|---|---|---|---|---|---|---|---|---|---|---|---|---|---|---|---|---|---|---|
| Cummins College of Engineering for Women Pune | Cummins College of Engineering for Women Pune | 19/11/2007 | Varma Book Distributors | ME ETC | 310.00 | 1070800900 | 621.382 | CCEP-BK-28956 | 18/07/2023 | 310.00 | 18/10/2007 | Books | 028956 |